Kraje na literę B - Statystyki

Ogólne statystyki
  • Ten quiz został rozwiązany 395 razy
    382 od ostatniego zresetowania
  • Średni wynik to 10 z 17
Statystyki odpowiedzi
Państwa % Poprawnych
Belgia
86%
Brazylia
83%
Boliwia
72%
Bangladesz
69%
Białoruś
68%
Bułgaria
67%
Bośnia i Hercegowina
60%
Barbados
55%
Botswana
53%
Bhutan
51%
Belize
49%
Benin
47%
Bahamy
45%
Burkina Faso
45%
Burundi
45%
Brunei
44%
Bahrajn
41%
Nie znaleziono quizów pasujących do podanych kryteriów
Rozkład punktacji
Procent ludzi z każdym wynikiem
Percentyl według liczby udzielonych odpowiedzi
Twoja historia wyników
Nie rozwiązałeś tego quizu od ostatniego zresetowania